| 000 | 00617nam a2200217Ia 4500 | ||
|---|---|---|---|
| 005 | 20260429111902.0 | ||
| 008 | 260429s9999||||xx |||||||||||||| ||und|| | ||
| 020 | _a9789349596764 | ||
| 041 | _aEnglish | ||
| 082 |
_a181.4 _bKOO |
||
| 100 | _aKoolwal, M. K. | ||
| 245 | 0 |
_aIndian knowledge system in history and philosophy / _cM. K. Koolwal |
|
| 260 |
_aJaipur : _bParadise Publishers, _c2025. |
||
| 300 | _a248 p.; hb | ||
| 650 | _a Indian civilization | ||
| 650 | _a Intellectual history | ||
| 650 | _a Knowledge systems | ||
| 650 | _a Traditional knowledge | ||
| 650 | _aIndian philosophy | ||
| 942 | _cTB | ||
| 999 |
_c51272 _d51272 |
||